000
00220nam a22000857a 4500
008
http://192.168.0.72:8001/cgi-bin/koha/ca
100
_9
1771
_a
Kumar.p
245
_a
Hand book of Mathematics
260
_a
New Delhi
_b
N.D P.P.C
_c
2011
999
_c
4479
_d
4479